00668nam a22001457a 4500003000400000020001800004082001400022100002300036245003100059250000800090260002700098300000800125650001700133653037200150SGT a9788120304864 a658, MAS  aMASSIE L . JOSEPH  aESSENTIALS OF MANAGEMENT  a4TH aNEW DELHI bPHI c2010 a301 aMANAGEMENT  aBackground of Modern Management, Nature and Importance of Management, Development of Management Thought, _Functions in The Management Process, Decision Making, Organizing and Staffing, Planning and Strategic Management, Leadership, Communicating and Controlling, Applications of Managerial Functions, Operations Management, Marketing Management. Financial Management